Noisy neighbours risking benefits (Record no. 72471)

MARC details
000 -LEADER
fixed length control field 01093cam a2200193 4500
001 - CONTROL NUMBER
control field WB3914-14
008 - FIXED-LENGTH DATA ELEMENTS--GENERAL INFORMATION
fixed length control field 030409n2003 000 0 eng u
035 ## - SYSTEM CONTROL NUMBER
System control number (Sirsi) u121938
245 ## - TITLE STATEMENT
Title Noisy neighbours risking benefits
260 ## - PUBLICATION, DISTRIBUTION, ETC.
Date of publication, distribution, etc. 2003
490 ## - SERIES STATEMENT
Series statement Regeneration and Renewal
Volume/sequential designation 4 April 2003, 9(1)
520 ## - SUMMARY, ETC.
Summary, etc. Government still plans to give local authorities the power to withdraw housing benefit from noisy neighbours despite omitting the measure from the Anti-Social Behaviour Bill, published on 27 March. The bill does include measures relating to anti-social behaviour in housing possession cases and anti-social behaviour orders. Further information available at www.crimereduction.gov.uk/antisocialbehaviour16.htm. Bill available at www.publications.parliament.uk/pa/cm200203/cmbills/083/2003083.htm. ODPM guidance on tackling anti-social behaviour available at www.housing.odpm.gov.uk/information/asb/guidance/index.htm.
590 ## - LOCAL NOTE (RLIN)
Local note WB
650 ## - SUBJECT ADDED ENTRY--TOPICAL TERM
Topical term or geographic name entry element ANTI-SOCIAL BEHAVIOUR
650 ## - SUBJECT ADDED ENTRY--TOPICAL TERM
Topical term or geographic name entry element HOUSING BENEFIT
650 ## - SUBJECT ADDED ENTRY--TOPICAL TERM
Topical term or geographic name entry element NOISY NEIGHBOURS
690 ## - LOCAL SUBJECT ADDED ENTRY--TOPICAL TERM (OCLC, RLIN)
Topical term or geographic name as entry element HOUSING
942 ## - ADDED ENTRY ELEMENTS (KOHA)
Suppress in OPAC 0
Holdings
Withdrawn status Lost status Source of classification or shelving scheme Damaged status Not for loan Home library Current library Shelving location Date acquired Total Checkouts Full call number Barcode Date last seen Copy number Price effective from Koha item type
    Dewey Decimal Classification     London London News article 09/04/2003   WB3914-14 121938-1001 06/08/2019 1 06/08/2019 News article